[Event "Fajr op 10th"]
[Site "Iran"]
[Date "2001.02.09"]
[Round "7"]
[White "Noori, Alireza"]
[Black "Mahjoob, Morteza"]
[Result "1-0"]
[WhiteElo "2171"]
[BlackElo "2336"]
[PlyCount "77"]
[EventDate "2001.02.03"]
[EventType "swiss"]
[EventRounds "9"]
[EventCountry "IRI"]
[SourceTitle "CBM 080 Extra"]
[Source "ChessBase"]
[SourceDate "2001.03.08"]
[SourceVersion "1"]
[SourceVersionDate "2001.03.08"]
[SourceQuality "1"]

1. d4 f5 2. c4 Nf6 3. g3 e6 4. Bg2 Bb4+ 5. Bd2 Be7 6. Nc3 d5 7. Nf3 c6 8. 0-0 0-0 9. Qb3 Kh8 10. Rad1 b6 11. Bf4 Bd7 12. Ne5 Be8 13. cxd5 exd5 14. f3 Bh5 15. Kh1 Nfd7 16. Nd3 g5 17. Bd2 Bf6 18. e3 Bg7 19. Rc1 Nf6 20. Ne5 c5 21. dxc5 bxc5 22. Qb7 Nbd7 23. Nxd7 Rf7 24. Qb5 Nxd7 25. Nxd5 Rb8 26. Ba5 Qc8 27. Qe2 Rxb2 28. Rc2 Qb7 29. Rxb2 Qxb2 30. Qxb2 Bxb2 31. Rb1 Bg7 32. f4 gxf4 33. Nxf4 Bg4 34. Bd5 Rf6 35. Rb7 Rd6 36. Rxa7 Nf6 37. Ra8+ Bf8 38. Rxf8+ Kg7 39. Rd8 1-0

[Event "IRI zt"]
[Site "Iran"]
[Date "2000.??.??"]
[Round "7"]
[White "Ghane Gardeh, Shojaat"]
[Black "Noori, Alireza"]
[Result "1-0"]
[WhiteElo "2313"]
[BlackElo "2138"]
[PlyCount "85"]
[EventDate "2000.??.??"]
[EventType "swiss"]
[EventRounds "7"]
[EventCountry "IRI"]
[SourceTitle "EXT 2005"]
[Source "ChessBase"]
[SourceDate "2004.11.15"]
[SourceVersion "1"]
[SourceVersionDate "2004.11.15"]
[SourceQuality "1"]

1. d4 Nf6 2. c4 e6 3. Nf3 Bb4+ 4. Bd2 c5 5. Bxb4 cxb4 6. Nbd2 0-0 7. e3 d5 8. Bd3 Nc6 9. cxd5 exd5 10. 0-0 b6 11. Qa4 Bb7 12. Rac1 Qd6 13. Nh4 Ne7 14. Nf5 Nxf5 15. Bxf5 g6 16. Bh3 Rfe8 17. Rc2 h5 18. Rfc1 Ng4 19. Nf3 f6 20. Rc7 Re7 21. Rxe7 Qxe7 22. Qc2 Kg7 23. Nh4 f5 24. Qxf5 gxf5 25. Nxf5+ Kf6 26. Nxe7 Re8 27. Nc6 Rc8 28. f3 Kg5 29. g3 Rxc6 30. Rxc6 Bxc6 31. fxg4 hxg4 32. Bg2 a5 33. Kf2 a4 34. Ke1 Kf5 35. Kd2 Kg5 36. Bf1 Kf5 37. Ba6 Ke4 38. Ke2 Kf5 39. Bc8+ Kg5 40. Kd2 Bb5 41. Be6 Bc4 42. a3 bxa3 43. bxa3 1-0

[Event "IRI-ch"]
[Site "Iran"]
[Date "2000.??.??"]
[Round "2"]
[White "Moradi, Behrooz"]
[Black "Noori, Alireza"]
[Result "1/2-1/2"]
[WhiteElo "2225"]
[BlackElo "2135"]
[PlyCount "94"]
[EventDate "2000.??.??"]
[EventType "swiss"]
[EventRounds "11"]
[EventCountry "IRI"]
[SourceTitle "EXT 2003"]
[Source "ChessBase"]
[SourceDate "2002.11.25"]
[SourceVersion "1"]
[SourceVersionDate "2002.11.25"]
[SourceQuality "1"]

1. e4 c5 2. Nf3 e6 3. d4 cxd4 4. Nxd4 Nc6 5. Nc3 Qc7 6. Be3 a6 7. Be2 Nf6 8. 0-0 Bb4 9. Na4 Be7 10. Nxc6 bxc6 11. Bd3 c5 12. c4 Bb7 13. Nc3 0-0 14. f4 d6 15. Qf3 Bc6 16. Qh3 Qb7 17. e5 Ne4 18. Rae1 f5 19. Bxe4 Bxe4 20. Nxe4 Qxe4 21. Bxc5 Qxc4 22. Bxd6 Bxd6 23. exd6 Rfd8 24. Qa3 Qd4+ 25. Qe3 Qxe3+ 26. Rxe3 Rxd6 27. b4 Rc8 28. Rfe1 Kf7 29. a3 Rc4 30. g3 Rc2 31. R1e2 Rxe2 32. Rxe2 Rd3 33. Ra2 Rb3 34. Kf2 Kf6 35. Ke2 g5 36. Kf2 g4 37. Ke2 h5 38. Kf2 h4 39. Kg2 h3+ 40. Kf2 Rb1 41. Ke2 e5 42. fxe5+ Kxe5 43. Ke3 Rb3+ 44. Kf2 Kf6 45. Ra1 Rb2+ 46. Kg1 Kg5 47. Kh1 Kg6 1/2-1/2